[Event "WA Class Championship (Class A)"]
[Site "Redmond, WA"]
[Date "2022.11.26"]
[Round "4"]
[White "Frederick Davis"]
[Black "Valentin Razmov"]
[Result "0-1"]
[WhiteElo "1857"]
[BlackElo "1833"]
[Annotator "Valentin Razmov"]
[PlyCount "116"]
[EventDate "2022.11.26"]
[EventType "swiss"]
[EventRounds "6"]
[EventCountry "USA"]

1. d4 Nf6 2. Nc3 {One of those opening lines that were considered
\"incorrect\" years ago, and thus played only by a few, has regained
popularity with recent successes (particularly at shorter time controls) of
some of the best players in the world, including the current World Champion.}
d5 3. Bf4 a6 {Avoiding the possibility of Nc3-Nb5 by White at any moment soon.}
({Another normal and popular response for Black here is} 3... c5 4. e3 cxd4 5.
exd4 a6 {Note the delayed development of Black's queen-side knight, which aims
to jump directly to c6, if possible.} (5... Bg4)) 4. e3 e6 {An important
decision for Black here is whether to keep the light-squared bishop outside or
inside the pawn chain and thus to allow or deny its exchange for a White
knight, as illustrated by this alternative line:} (4... Bf5 5. Nf3 e6 6. Ne5
Nfd7 7. g4 Bg6 8. Nxg6 hxg6) 5. g4 {Ambitious undertaking by White, made
possible by the closing of the pawn chain by Black on the previous move.} c5 {
Another way to counter White's swift king-side action is:} (5... Bb4 {Getting
ready for Nf6-Ne4 in the right moment...} 6. Nge2 b5 {A typical Black pawn
setup against the Jobava-London system.}) 6. g5 Nfd7 7. Nf3 Nc6 8. h4 {These
were all natural moves by both sides.} Nb6 {Black decides to add the second
knight to the queen-side action too, and thus uncrowd their central space, but
this limits the mobility of some of the other pieces. Notice the difference to
a more typical setup with:} (8... b5 9. h5 Bb7 10. Bh3 b4 11. Ne2 Be7 {⩲}) 9.
h5 Bd6 {One of the ideas behind Black's previous move.} 10. Bxd6 ({Sometimes
it's okay for White to allow a trade on f4, so long as they can maintain good
control over the central squares, e.g.:} 10. Qd2 Bxf4 11. exf4 cxd4 12. Nxd4
Qc7 13. O-O-O Bd7 {⩲}) 10... Qxd6 11. dxc5 {= Releasing the central tension
is a concession to Black. A more promising line for White would be:} (11. h6 g6
12. Qd2 {with a subsequent O-O-O.}) 11... Qxc5 12. Nd4 e5 $6 {Succumbing to
the appeal of gaining more central space quickly and opening the light-squared
bishop too. But the price is the weakening of the d5-pawn.} (12... Bd7 13. h6
g6 14. Nb3 Qe7 {was a decent alternative where Black would be fine.}) (12...
Nc4 $2 {is an idea Black wisely rejected during the game, as White will trade
off the light pieces and be left with stronger position due to Black's
weakened dark-squares:} 13. Nxc6 bxc6 (13... Nxb2 $2 14. Qd4 $1 Qxc6 15. h6)
14. Bxc4 Qxc4 15. h6 g6 16. Qf3 $1 {±}) 13. Nb3 Qd6 14. Bg2 (14. h6 $1 {
was a strong move, since Black cannot afford} g6 $2 15. Bg2 Be6 16. Ne4 {
± to be followed by Ne4-Nf6+}) 14... Be6 15. h6 O-O-O $2 {This looked like a
necessary pawn sacrifice for Black, but there's a subtle problem that neither
player saw.} (15... Rg8 $1 16. hxg7 Rxg7 17. Ne4 Qc7 18. Nf6+ Ke7 {was a
option that Black could not stomach despite the better piece development, as
Black's king would remain stuck in the center. The engine likes it.}) 16. hxg7
Rhg8 17. Rxh7 Bf5 {This is the position that Black was counting on for their
compensation.} 18. Bh3 $6 ({The best way to maintain White's advantage was} 18.
Rh6 Be6 (18... Qe7 19. Qf3) 19. Qh5 Rxg7 20. O-O-O {±}) 18... Bxh3 19. Rxh3
Qe6 $2 {Black's idea was to deny White development with tempo (Qg4 and O-O-O),
while "gaining" a tempo on White's rook. Can you spot White's refutation of
that?} (19... Rxg7 20. Qg4+ Qe6 21. Qxe6+ fxe6 22. Nc5 Rxg5 23. Ke2 {would be
the correct way to proceed, but, of course, Black didn't give up material
earlier to arrive at that!}) 20. Rg3 $2 {White backs off, handing Black the
initiative. In fairness, White spent a lot of time contemplating this move, so
they must have tried hard to find a better line but simply didn't notice the
stronger but non-trivial idea(s).} (20. Rh6 Qf5 21. Qe2 $3 {was the subtle
refutation of the earlier 19... Qe6? - Black does not have time to capture
either of White's g-pawns due to a hidden strike on the opposite wing, e.g.,}
Rxg7 $2 22. Rxc6+ $1 bxc6 23. Qxa6+ {and White has a decisive attack.}) 20...
d4 $1 {Seizing the opportunity for active counterplay!} 21. Ne4 $2 {Once again,
bending to Black's pressure, rather than responding in kind:} (21. Nc5 dxc3 (
21... Qc4 22. N3e4 Nb4 $5 23. Rc1) 22. Nxe6 Rxd1+ 23. Rxd1 fxe6 24. bxc3 Nd5 {
= These lines look inconclusive and not to anyone's advantage.}) 21... dxe3 22.
Qg4 $6 {opting to trade queens in order to reduce the pressure, but this seals
Black's advantage. Notice that Black's pawn structure is superior.} (22. Qe2
Nd4 23. Nxd4 exd4 24. Nf6 $1 Rxg7 25. fxe3 {was a way for White to fight back.}
) 22... Qxg4 23. Rxg4 exf2+ 24. Nxf2 $6 (24. Kxf2 Rxg7 25. Rh4 $1 {=}) 24...
Rxg7 25. Ke2 Nd5 {Black's position is preferable, but not winning.} 26. Nd3 $2
(26. Rh1) 26... Rdg8 $2 {missing a chance to create connected passers and
claim a strong advantage} (26... f5 $1 27. Rg3 e4 28. Ndc5 Rh7 $1) 27. Rag1 $2
(27. Rf1 $1 {insisting on trading a weakness for a weakness, while preventing
Black's ...f7-f5 threat} f6 28. c4 $1 Nf4+ 29. Nxf4 exf4 30. Rfxf4 fxg5 {⩱})
27... f6 {Strong, but there is even stronger!} (27... f5 $1 28. Rh4 Rxg5 29.
Rxg5 Rxg5 {∓}) 28. gxf6 $2 {Black had laid a trap and White walks into it.} (
28. Rf1 {would be the best attempt for White to survive the endgame down a
pawn.} Rxg5 29. Rxg5 fxg5) 28... Rxg4 29. Rxg4 Rxg4 30. f7 Rf4 31. Nxf4 Nxf4+ {
That this recapture came with check is apparently what White had overlooked in
their calculations for move 28.} 32. Ke3 Ng6 $6 {Attractive but not optimal by
Black.} (32... Ne6 $1 33. Nc5 Ncd8 $1 {is the better idea: controlling all
access squares to Black's e5-pawn, while apprehending and preparing to capture
White's f7-pawn. At this point, both players were very low on time, so
decisions were necessarily made without thorough analysis.} 34. Nxe6 (34. c4
Nf8 35. Ke4 Nxf7 {-+}) 34... Nxe6 35. Ke4 Ng5+ 36. Kxe5 Nxf7+ {-+}) 33. Nc5 $2
(33. Ke4 $1 Nd8 34. Kf5 Nf8 35. Kf6 $5 {and White's king is very active,
making conversion a far more difficult task.}) 33... Nd8 34. Ke4 Nxf7 35. Kf5
Ngh8 $6 {Seemingly holding everything together, but Black's pieces lack
mobility as a result, and this will cost them the e5-pawn.} (35... Nf8 $1 {
was simply winning, holding the White king at bay, due to} 36. Kf6 $2 Nd7+ {-+}
) 36. Kf6 Kc7 37. Ne4 Kc6 38. c4 $2 {Allowing Black chances that they didn't
notice and didn't take.} (38. Ke6) 38... a5 $2 (38... Nd6 $1 {-+}) 39. b3 $2 (
39. Ke6 {King activity is White's best chance against a relatively
disorganized black cavalry.}) 39... b5 $4 {Lesson to remember: Don't push
pawns without due consideration, especially if those pawns will be needed
alive to be able to win the game.} (39... Nd6 $1 {was winning again, but with
only seconds left on the clock before move 40 Black missed that opportunity
too.}) 40. Ke6 $2 {White, also in time trouble, passes by their best drawing
chance.} (40. cxb5+ Kxb5 41. a3 $1 {=}) 40... bxc4 $6 (40... b4 {∓ When you
strive to win, saving pawns is better than trading them when there are just a
few pawns left in the game.}) 41. bxc4 Nd8+ $1 {Finally, the time control has
passed and with 30 added minutes Black took their time to find an effective
route to victory. Paradoxically, that route passes through immediately giving
away one of their two remaining pawns - but the payoff for that are the
revived two knights!} 42. Kxe5 Nhf7+ 43. Kd4 Ne6+ 44. Kc3 Nc5 45. Nd2 Kd6 46.
Kd4 $6 {White is lured by king activity around the central squares, but the
last drawing opportunity was to focus on the sole remaining Black pawn and to
attempt to give away White's knight for it. If that were to happen, the
resulting position - with two black knights versus White's couple of pawns is
still winning for Black, but not without excellent endgame technique. The
principles have been described a century ago by famous endgame composer Alexey
Troitsky, and during the game Black was trying to restore from memory those
ideas, just in case.} (46. Kb2 $1 {Moving toward Black's a-pawn...} Ne5 47. Nb3
$5 Nxc4+ (47... Nxb3 $2 48. axb3 $1 Kc5 49. Ka3 $1 {= Black cannot make
progress while also keeping their a-pawn from being traded.}) 48. Kc3 $1 Kd5 $1
(48... Nxb3 $2 49. Kxc4 $1 {=}) 49. Nxa5 Nxa5 {-+}) 46... Nd8 47. Kc3 Nc6 48.
Kb2 Ke5 $6 49. Kc3 $2 {A final error, allowing the trade of knights, which
leads to a simple win by Black.} (49. Nb3 $1 Ne4 50. Ka3 Kd6 51. Ka4 Nc3+ 52.
Ka3 a4 53. Kb2 Ne4 54. Ka3 axb3 55. axb3 Kc5 56. b4+ Nxb4 57. Kb2 Kd4 {-+
Although this is winning for Black, doing it within the 50-move rule may be
difficult in practice.}) 49... Ne4+ 50. Nxe4 Kxe4 51. a3 a4 52. c5 Kd5 $1 53.
Kd3 Kxc5 54. Kc3 Nd4 55. Kb2 Kc4 56. Ka2 Kc3 57. Ka1 Kb3 58. Kb1 Kxa3 {In
retrospect, this complicated game showcased fascinating middlegame and endgame
ideas.} 0-1

[Event "WA Class Championship (Class X)"]
[Site "Redmond, WA"]
[Date "2022.11.27"]
[Round "5"]
[White "Lazarte, Paul"]
[Black "Liu, Erik"]
[Result "1-0"]
[WhiteElo "1873"]
[BlackElo "1800"]
[Annotator "Paul Lazarte"]
[PlyCount "53"]
[EventDate "2022.11.26"]
[EventType "swiss"]
[EventRounds "6"]
[EventCountry "USA"]
[TimeControl "40/120:0"]

1. e4 c5 2. Nf3 d6 3. d4 cxd4 4. Nxd4 Nf6 5. Nc3 a6 6. Bd3 e5 7. Nf3 b5 {
We started with Sicilian Defense, Nardorf Variation. I thought we were
competing for the center squares until he moved b4. I believed there was a
plan for Bb7 and b4 to pressure e4.} 8. Bg5 Nbd7 9. Qd2 Bb7 {I moved the queen
up in case of queen side castle and continue the attack on the king's side} 10.
a3 Be7 11. Nh4 g6 12. O-O h6 13. Be3 Ng4 14. Nf3 Nxe3 15. Qxe3 Nf6 {I would
say Black did a great job in nuetralizing the king's side attack} 16. Rad1 Qc8
17. h3 Nh5 18. Ne2 g5 {The table had turned. Black is now attacking my king's
side} 19. Ng3 Nxg3 ({I thought that} 19... Nf4 {was a better move but I was
lucky Black took Ng3 although I ended up with double pawn}) 20. fxg3 d5 {
This was a tricky move. Black's plan was to skew my queen with Bc5 check} 21.
Qe2 Qc5+ 22. Kh1 d4 23. Rc1 f6 ({I though} 23... f6 {weakens king's defenses.
I would have castled to protect the king.}) 24. c3 {After this move, I knew
that I now have the advantage. dxc3 will put his queen in a bad position. Rc8
will weaken his pawn structure and expose the queen side.} dxc3 25. Rxc3 Qd6
26. Rd1 {A big decision has to be made here. If 26...Qe6, I planned to advance
rook to c7 or Bxb5+ taking two pawns with plans to regain bishop at b7. If
26…Qb8, I planned to take on b5.} Qb6 27. Nxe5 1-0